| 000 | 00504nam a22001457a 4500 | ||
|---|---|---|---|
| 082 | _a620.005 | ||
| 100 | _aQureshi, Waqas Mahmood | ||
| 245 |
_a3G in Pakistan: _bConsumer's Perspective (Mobile Handset & Data Market Analysis) / _cWaqas Mahmood Qureshi |
||
| 260 |
_aIslamabad : _bCEME - NUST, _c2013. |
||
| 300 |
_a58 p. ; _c30cm. |
||
| 650 |
_aEngineering Management-MS-Thesis _916065 |
||
| 700 |
_aDr. Shafqat Hameed _929330 |
||
| 942 |
_2ddc _cTHE |
||
| 999 |
_c536439 _d536439 |
||